Central Library OPAC University of Rajshahi

Valuation for compensation and development charges / (Record no. 62686)

MARC details
000 -LEADER
fixed length control field 00873nam a2200265 a 4500
001 - CONTROL NUMBER
control field 62686
003 - CONTROL NUMBER IDENTIFIER
rucl marc code BD-RjUL
005 - DATE AND TIME OF LATEST TRANSACTION
control field 20211209081119.0
008 - FIXED-LENGTH DATA ELEMENTS--GENERAL INFORMATION
fixed length control field 170125s1951 enk 001 0 eng
035 ## - SYSTEM CONTROL NUMBER
System control number (BD-RjUL)62813
040 ## - CATALOGING SOURCE
Original cataloging agency DLC
Transcribing agency UMC
Modifying agency BD-RjUL
Language of cataloging eng
041 ## - LANGUAGE CODE
Language code of text/sound track or separate title eng
082 ## - DEWEY DECIMAL CLASSIFICATION NUMBER
Edition number 23
Author mark and year COV 1951
Classification number 347.2
100 1# - MAIN ENTRY--PERSONAL NAME
Personal name Collier, Ronald
9 (RLIN) 13907
245 10 - TITLE STATEMENT
Title Valuation for compensation and development charges /
Statement of responsibility, etc. Ronald Collier
260 ## - PUBLICATION, DISTRIBUTION, ETC. (IMPRINT)
Place of publication, distribution, etc. London :
Name of publisher, distributor, etc. Butterworth,
Date of publication, distribution, etc. c1951
300 ## - PHYSICAL DESCRIPTION
Pagination A185 p. ;
Size 25 cm.
500 ## - GENERAL NOTE
General note "Reprinted from Butterworths annotated legislation service.".
504 ## - BIBLIOGRAPHY, ETC. NOTE
Bibliography, etc Includes index.
650 #0 - SUBJECT ADDED ENTRY--TOPICAL TERM
Topical term or geographic name as entry element Eminent domain
Geographic subdivision Great Britain.
9 (RLIN) 13908
Topical term or geographic name as entry element Compensation (Law)
Geographic subdivision Great Britain.
9 (RLIN) 13909
Topical term or geographic name as entry element Special assessments
Geographic subdivision Great Britain.
9 (RLIN) 13910
Topical term or geographic name as entry element Real property
General subdivision Valuation
Geographic subdivision Great Britain.
9 (RLIN) 13911
942 ## - ADDED ENTRY ELEMENTS (KOHA)
Source of classification or shelving scheme Dewey Decimal Classification
Koha item type Books
Holdings
Lost status Source of classification or shelving scheme Damaged status Not for loan Collection code Permanent Location Current Location Shelving location Date acquired Source of acquisition Cost, normal purchase price Total Checkouts Full call number Date last seen Copy number Koha item type
  Dewey Decimal Classification   Not For Loan Non-fiction Central Library, University of Rajshahi Central Library, University of Rajshahi Reading Room 20/12/1955 allies book 26.00   347.2 COV 1951 25/01/2017 C-1 Books